000 00481nam a2200181Ia 4500
005 20250326123755.0
008 250326s9999 xx 000 0 und d
037 _aTextbook
040 _aFMSL
_beng
_cFMSL
041 _aeng
_2eng
084 _aS K0
_qFMSL
100 _aLaing R D
245 0 _aDivided self: study of sanity and madness
_cLaing R D
260 _aLondon
_bLondon, Tavistock
_c1960
300 _a269p
942 _cTB
_hS K0
999 _c1270906
_d1270906